000
00320nam a22001217a 4500
008
230621b xxu||||| |||| 00| 0 eng d
082
_a
328
_b
KNA
110
_b
Kenya National Assembly
245
_a
Report from westminster to the Kenyan Bunge
260
_b
State University of New York
300
_a
30p
942
_2
ddc
_c
BK
999
_c
1974
_d
1974